| 000 | 00597nam a22001937a 4500 | ||
|---|---|---|---|
| 005 | 20251108172238.0 | ||
| 008 | 250721s2000 xx 000 0 ara d | ||
| 082 | 1 | 4 | _a005.3/بسي |
| 100 | 1 | _aبسيوني، عبد الحميد | |
| 245 | 1 | 0 | _aمايكروسوفت وورد 2000 / |
| 246 | 1 | 1 | _aMicrosoft word 2000 |
| 264 | 1 |
_aالقاهرة : _bمكتبة إبن سينا للنشر و التوزيع، _c2000. |
|
| 300 | _a335ص | ||
| 650 | 1 | 7 | _aبرامج الحاسوب |
| 650 | 1 | 7 | _aالحواسيب |
| 700 | 1 | _aشاهين، أحمد شوقي | |
| 942 |
_2ddc _cBK |
||
| 999 |
_c74126 _d74126 |
||